Most Valuable Premier League Players - Statistics

General Stats
  • This quiz has been taken 480 times
    342 since last reset
  • The average score is 10 of 18
Answer Stats
Value (€) Club Player % Correct
180 m Manchester City Erling Haaland
99%
120 m Arsenal Bukayo Saka
86%
110 m Manchester City Phil Foden
76%
110 m Arsenal Declan Rice
74%
110 m Manchester City Rodri
67%
90 m Arsenal Martin Odegaard
65%
80 m Manchester City Ruben Dias
59%
85 m Arsenal Gabriel Martinelli
58%
75 m Arsenal William Saliba
55%
75 m Liverpool Luis Diaz
54%
80 m Manchester City Bernardo Silva
51%
80 m Chelsea Enzo Fernandez
49%
85 m Newcastle United Bruno Guimarães
48%
90 m Chelsea Moises Caicedo
46%
80 m Manchester City Josko Gvardiol
45%
90 m Manchester City Julian Alvarez
36%
75 m Liverpool Dominik Szoboszlai
29%
75 m Chelsea Christopher Nkunku
20%
No matching quizzes found
Score Distribution
Percent of People with Each Score
Percentile by Number Answered
Your Score History
You have not taken this quiz since the last reset